| 000 | 00533nam a22001817a 4500 | ||
|---|---|---|---|
| 005 | 20240613094907.0 | ||
| 008 | 240613b |||||||| |||| 00| 0 eng d | ||
| 020 | _a978-1-285-07549-5 | ||
| 082 |
_a302 _bASH-H |
||
| 100 | _aAshman-Kirst Karen .K | ||
| 245 |
_aHuman Behavior in the Macro Social Environment/ _cKaren K. Kirst -AshmanK |
||
| 250 | _a4th ed. | ||
| 260 |
_aUSA; _bCengage Learning; _c2014. |
||
| 300 |
_axxxvi, 616 p.: _bill; _c23 cm. |
||
| 500 | _aInclude Subject Index. | ||
| 650 | _aSocial Science | ||
| 999 |
_c35914 _d35914 |
||